Coupes du Monde de Foot auxquelles la France à participé (Mort subite) - Statistiques

Statistiques générales
  • Ce quiz a été pris 742 fois
  • Le résultat moyen est 9 sur 16
Answers on the Grid
Answers color-coded by a green-red scale on the quiz's grid according to % correct below.
1930 Uruguay
1934 Italie
1938 France
1950 Brésil
1954 Suisse
1958 Suède
1962 Chili
1966 Angleterre
1970 Mexique
1974 RFA
1978 Argentine
1982 Espagne
1986 Mexique
1990 Italie
1994 Etats-Unis
1998 France
2002 Japon / Corée du Sud
2006 Allemagne
2010 Afrique du Sud
2014 Brésil
2018 Russie
2022 Qatar
 
Statistiques - réponses
Réponse % Correct
2018 Russie
91%
2022 Qatar
90%
2014 Brésil
89%
1998 France
88%
2006 Allemagne
88%
2010 Afrique du Sud
86%
2002 Japon / Corée du Sud
83%
1938 France
57%
1930 Uruguay
40%
1982 Espagne
35%
1986 Mexique
34%
1934 Italie
31%
1978 Argentine
26%
1958 Suède
24%
1966 Angleterre
21%
1954 Suisse
13%
Aucun quiz correspondant
Distribution des résultats
% des personnes avec chaque résultat
Percentile par nombre de réponses
Votre historique - résultats
Vous n’avez pas pris ce quiz